A survey knot theory
Saved in:
| Main Author: | |
|---|---|
| Format: | Book |
| Language: | English |
| Published: |
Basel ; Boston :
Birkhauser Verlag,
c1996
|
| Subjects: | |
| Tags: |
Add Tag
No Tags, Be the first to tag this record!
|
MARC
| LEADER | 00000nam a2200000 i 4500 | ||
|---|---|---|---|
| 001 | 1/71471 | ||
| 008 | 990304s1996 eng d | ||
| 020 | |a 3-7643-5124-1 | ||
| 035 | |l 10048332 | ||
| 040 | |a GR-MY-UA |b gre |e aacr | ||
| 041 | 0 | |a eng | |
| 082 | 0 | |a 514.224 | |
| 100 | 1 | |a Kawauchi, Akio. | |
| 245 | 1 | 2 | |a A survey knot theory / |c Akio Kawauchi |
| 260 | |a Basel ; Boston : |b Birkhauser Verlag, |c c1996 | ||
| 300 | |a xxi, 420 p.; |b ill.; |c 24 cm. | ||
| 500 | |a Includes bibliographical references and indexes | ||
| 650 | 0 | 0 | |a Knot theory. |
| 852 | |a INST |b SAMOS |e 19990304 |h 514.224 KAW |p 005300013180 |q 005300013180 |t BK |y 0 | ||
| 901 | |a BIBL-1999-1 | ||
| 909 | |a Σ |b 063137 | ||
| 922 | |a 3ΕΛΗ |b 199901 |c ΕΠΕΑΕΚ/ΜΑΘ |d GLORY | ||